Southville International School and Colleges
Your cart is empty.
  • Cart
  • Lists
    Public lists Eva Luna New books Lux_list list_1
    Your lists Log in to create your own lists
  • Log in to your account
  • Your cookies
  • Search history
Southville International School and Colleges
  • Advanced search
  • Recent comments
  • Most popular
  • Libraries

Log in to your account

Log in with GOOGLE


If you do not have an external account, but do have a local account, you can still log in:

  1. Home
  2. MARC view: Actor and strategy models : practical applications and step-wise approaches
Normal view MARC view ISBD view

Actor and strategy models : practical applications and step-wise approaches (Record no. 365129)

[ view plain ]
MARC details
000 -LEADER
fixed length control field 00627nam a22001937a 4500
003 - CONTROL NUMBER IDENTIFIER
control field 0
005 - DATE AND TIME OF LATEST TRANSACTION
control field 20230911132346.0
008 - FIXED-LENGTH DATA ELEMENTS--GENERAL INFORMATION
fixed length control field 230811b xxu||||| |||| 00| 0 eng d
020 ## - INTERNATIONAL STANDARD BOOK NUMBER
International Standard Book Number 978-1-119-28470-3
050 ## - LIBRARY OF CONGRESS CALL NUMBER
Classification number HD 30.28
Item number .H47 2018
100 ## - MAIN ENTRY--PERSONAL NAME
Personal name Hermans, Leon M.
245 ## - TITLE STATEMENT
Title Actor and strategy models : practical applications and step-wise approaches
Statement of responsibility, etc Leon M. Hermans
260 ## - PUBLICATION, DISTRIBUTION, ETC. (IMPRINT)
Place of publication, distribution, etc Hoboken, New Jersey
Name of publisher, distributor, etc John Wiley & Sons
Date of publication, distribution, etc c2018.
300 ## - PHYSICAL DESCRIPTION
Extent 373 p. :
Other physical details ill. ;
Dimensions 24 cm.
504 ## - BIBLIOGRAPHY, ETC. NOTE
Bibliography, etc Includes index.
600 ## - SUBJECT ADDED ENTRY--PERSONAL NAME
Personal name Cunningham, Scott W.
650 ## - SUBJECT ADDED ENTRY--TOPICAL TERM
Topical term or geographic name as entry element Business planning -- Mathematical models.
942 ## - ADDED ENTRY ELEMENTS (KOHA)
Source of classification or shelving scheme Library of Congress Classification
Koha item type Books
Holdings
Withdrawn status Lost status Source of classification or shelving scheme Damaged status Home library Current library Shelving location Date acquired Source of acquisition Total Checkouts Full call number Barcode Date last seen Price effective from Koha item type
    Library of Congress Classification   College Library College Library Reserve Section 08/11/2023 Library Fund   HD 30.28 .H47 2018 C22833 08/11/2023 08/11/2023 Books

Actor and strategy models : practical applications and step-wise approaches

APA

Hermans L. M., . (2018). Actor and strategy models : practical applications and step-wise approaches. Hoboken, New Jersey: John Wiley & Sons.

Chicago

Hermans Leon M, . 2018. Actor and strategy models : practical applications and step-wise approaches. Hoboken, New Jersey: John Wiley & Sons.

Harvard

Hermans L. M., . (2018). Actor and strategy models : practical applications and step-wise approaches. Hoboken, New Jersey: John Wiley & Sons.

MLA

Hermans Leon M, . Actor and strategy models : practical applications and step-wise approaches. Hoboken, New Jersey: John Wiley & Sons. 2018.

  • Place hold
  • Print
  • Cite
  • Add to your cart (remove)
  • Save record
    BIBTEX Dublin Core MARCXML MARC (non-Unicode/MARC-8) MARC (Unicode/UTF-8) MARC (Unicode/UTF-8, Standard) MODS (XML) RIS
  • More searches
    Search for this title in:
    Other Libraries (WorldCat) Other Databases (Google Scholar) Online Stores (Bookfinder.com) Open Library (openlibrary.org)

Exporting to Dublin Core...

SOUTHVILLE LIBRARY

Southville International School and Colleges Library

1281 Tropical Ave. Cor. Luxembourg St., BF Homes International, Las Pinas City

Tel. No. 8256374 / 252358 Loc. 117/146

Powered by Koha